000 00491nam a2200145Ia 4500
041 _aKurdish
082 _a704.95671 cut-939 ێ
100 _a20260118u\\\\\\\\\\\y0engy0103\\\\ba
100 _aسمکۆ بەهرۆز ( ئەژى )
245 0 _aمێژووى هونەرى تەلارسازى ناوچەى کەرکوک لە روانگەى سەردەمە مێژووییە کاندا
250 _aچ1
260 _bچاپخانەى خاک
_aکەرکوک
_c2008
300 _a258
942 _cBk
999 _c189867
_d189867